[Event "Roncana op-C 11th"]
[Site "Santa Eulalia de Roncana"]
[Date "2017.11.18"]
[Round "8.3"]
[White "Martinez Suarez, Alex"]
[Black "Carrasco Gomez, Adahara"]
[Result "1-0"]
[WhiteElo "1721"]
[BlackElo "1394"]
[PlyCount "57"]
[EventDate "2017.09.23"]
[EventType "swiss"]
[EventRounds "8"]
[EventCountry "ESP"]
[SourceTitle "EXT 2024"]
[Source "ChessBase"]
[SourceDate "2023.10.10"]
[SourceVersion "1"]
[SourceVersionDate "2023.10.10"]
[SourceQuality "1"]

1. e4 c5 2. Nf3 e6 3. Nc3 Nc6 4. d4 cxd4 5. Nxd4 Qc7 6. Nxc6 dxc6 7. Bd3 h6 8. f4 Bc5 9. e5 Ne7 10. Qf3 Bd7 11. Be3 Bxe3 12. Qxe3 b5 13. Qc5 Nd5 14. 0-0 Qb6 15. Ne4 Qxc5+ 16. Nxc5 Rd8 17. Nb7 Rb8 18. Nd6+ Ke7 19. a3 Rhd8 20. Rf3 Kf8 21. Raf1 Kg8 22. Rh3 Rf8 23. Rff3 f6 24. Rfg3 fxe5 25. fxe5 Rf4 26. Rxh6 Rbf8 27. Rhg6 Kh8 28. Rxg7 Be8 29. Rh7# 1-0

[Event "Roncana op-C 11th"]
[Site "Santa Eulalia de Roncana"]
[Date "2017.11.04"]
[Round "6.2"]
[White "Martinez Suarez, Alex"]
[Black "Ramirez Cortes, Izan"]
[Result "0-1"]
[WhiteElo "1721"]
[BlackElo "1501"]
[PlyCount "174"]
[EventDate "2017.09.23"]
[EventType "swiss"]
[EventRounds "8"]
[EventCountry "ESP"]
[SourceTitle "EXT 2024"]
[Source "ChessBase"]
[SourceDate "2023.10.10"]
[SourceVersion "1"]
[SourceVersionDate "2023.10.10"]
[SourceQuality "1"]

1. e4 e5 2. Nf3 Nc6 3. Bc4 Nf6 4. Nc3 Nxe4 5. 0-0 Nxc3 6. bxc3 d5 7. Bb5 Bd6 8. d4 e4 9. Ne5 Bd7 10. Bxc6 bxc6 11. f3 f6 12. Ng4 Bxg4 13. fxg4 0-0 14. Bf4 c5 15. Bxd6 Qxd6 16. dxc5 Qxc5+ 17. Kh1 c6 18. Qd4 Qxd4 19. cxd4 Rab8 20. Rab1 e3 21. Rfe1 Rfe8 22. h3 Rxb1 23. Rxb1 e2 24. Re1 Re4 25. c3 Re3 26. Kg1 Rxc3 27. Rxe2 Kf7 28. Rb2 a5 29. Rb7+ Kg6 30. Ra7 Ra3 31. Ra6 Rxa2 32. Rxc6 Ra4 33. Rc5 Rxd4 34. Rxa5 f5 35. Ra6+ Kg5 36. gxf5 Kxf5 37. Ra7 Kg6 38. Kf2 Re4 39. Rd7 Re5 40. Kf3 Kf6 41. Kf4 g5+ 42. Kf3 h5 43. Rd8 Kf5 44. g4+ hxg4+ 45. hxg4+ Kf6 46. Rd6+ Ke7 47. Ra6 Re6 48. Ra7+ Kf6 49. Rd7 Ke5 50. Rg7 Rf6+ 51. Kg3 Ke4 52. Rxg5 Rf3+ 53. Kg2 Rf8 54. Rg7 d4 55. Rd7 Ke3 56. Kg3 d3 57. Re7+ Kd2 58. g5 Kc2 59. Rc7+ Kd1 60. g6 Ke2 61. Re7+ Kd1 62. g7 Rg8 63. Kf4 d2 64. Kg5 Kc2 65. Rc7+ Kd3 66. Rd7+ Kc2 67. Rc7+ Kb2 68. Rb7+ Kc3 69. Rc7+ Kb4 70. Rb7+ Kc5 71. Rd7 Rxg7+ 72. Rxg7 d1Q 73. Rc7+ Kb6 74. Rc8 Qd2+ 75. Kg6 Qg2+ 76. Kf7 Qb7+ 77. Rc7 Qxc7+ 78. Kf6 Qd8+ 79. Ke6 Kc6 80. Ke5 Qd5+ 81. Kf4 Qe6 82. Kf3 Kd5 83. Kf2 Kd4 84. Kf1 Qa2 85. Kg1 Ke3 86. Kh1 Kf3 87. Kg1 Qg2# 0-1

[Event "Roncana op-C 10th"]
[Site "Santa Eulalia de Roncana"]
[Date "2016.09.24"]
[Round "1"]
[White "Sison Rius, Sergio"]
[Black "Martinez Suarez, Alex"]
[Result "0-1"]
[WhiteElo "1473"]
[BlackElo "1735"]
[PlyCount "130"]
[EventDate "2016.09.24"]
[EventType "swiss"]
[EventRounds "8"]
[EventCountry "ESP"]
[SourceTitle "EXT 2018"]
[Source "ChessBase"]
[SourceDate "2017.10.13"]
[SourceVersion "1"]
[SourceVersionDate "2017.10.13"]
[SourceQuality "1"]

1. e4 e5 2. Nf3 Nc6 3. Bc4 Nf6 4. d3 g6 5. 0-0 Bg7 6. Bg5 0-0 7. Nc3 Qe8 8. Nb5 Qd8 9. d4 a6 10. d5 axb5 11. Bxb5 Na5 12. Nxe5 c6 13. dxc6 dxc6 14. Be2 Qxd1 15. Raxd1 Nxe4 16. f4 Nxg5 17. fxg5 Bxe5 18. b4 Bf5 19. g4 Bxg4 20. Bxg4 Nc4 21. Rde1 Bd4+ 22. Kh1 Bc3 23. Re2 Bxb4 24. Rb1 Bd6 25. Rxb7 Rxa2 26. h4 Ra1+ 27. Kg2 Ne5 28. Bh3 Ra3 29. Rb3 Rxb3 30. cxb3 Ra8 31. Rd2 Bc7 32. Kf1 Ra1+ 33. Ke2 Rh1 34. Bg2 Rh2 35. Kf1 Ng4 36. Rd4 Ne3+ 37. Ke2 Rxg2+ 38. Kxe3 Bb6 39. Kf3 Rb2 40. Rb4 Bc5 41. Rb8+ Bf8 42. Kf4 Kg7 43. Ke5 Rd2 44. Ke4 Rh2 45. Kf3 Rxh4 46. Rc8 c5 47. Kg3 Rb4 48. Kf2 Rxb3 49. Ke2 Be7 50. Kd2 Rh3 51. Kd1 Rh2 52. Kc1 Bxg5+ 53. Kb1 h5 54. Rxc5 Rg2 55. Ka1 h4 56. Rb5 h3 57. Rb1 Bf6+ 58. Rb2 Bxb2+ 59. Ka2 Ba1+ 60. Kb3 Rg4 61. Ka3 Bb2+ 62. Kb3 h2 63. Ka2 Rg3 64. Kb1 h1Q+ 65. Ka2 Qa1# 0-1

[Event "Roncana op-C U14 7th"]
[Site "Santa Eulalia de Roncana"]
[Date "2013.11.30"]
[Round "8"]
[White "Martinez Suarez, Alex"]
[Black "Casas Hernandez, Edgar"]
[Result "0-1"]
[WhiteElo "1700"]
[BlackElo "1710"]
[PlyCount "42"]
[EventDate "2013.10.05"]
[EventType "swiss"]
[EventRounds "8"]
[EventCountry "ESP"]
[SourceTitle "EXT 2015"]
[Source "ChessBase"]
[SourceDate "2014.11.20"]
[SourceVersion "1"]
[SourceVersionDate "2014.11.20"]
[SourceQuality "1"]

1. e4 e5 2. Nf3 Nc6 3. Nc3 Nf6 4. Bb5 Bd6 5. Bxc6 bxc6 6. 0-0 Ba6 7. Re1 0-0 8. h3 Re8 9. d4 exd4 10. Nxd4 Qe7 11. Qe2 Bxe2 12. Rxe2 Qe5 13. f4 Qxd4+ 14. Be3 Qb4 15. Nd1 Qxe4 16. Nc3 Qe6 17. Bxa7 Qc4 18. Rxe8+ Rxe8 19. Nd1 Bxf4 20. b3 Re1+ 21. Kf2 Qe2# 0-1

[Event "Roncana op-C U14 7th"]
[Site "Santa Eulalia de Roncana"]
[Date "2013.10.19"]
[Round "3"]
[White "Martinez Suarez, Alex"]
[Black "Serrat Noguera, Joel"]
[Result "0-1"]
[WhiteElo "1700"]
[BlackElo "1709"]
[PlyCount "56"]
[EventDate "2013.10.05"]
[EventType "swiss"]
[EventRounds "8"]
[EventCountry "ESP"]
[SourceTitle "EXT 2015"]
[Source "ChessBase"]
[SourceDate "2014.11.20"]
[SourceVersion "1"]
[SourceVersionDate "2014.11.20"]
[SourceQuality "1"]

1. e4 e5 2. Nc3 Qf6 3. Nf3 Nc6 4. b3 Bb4 5. Bb5 Nge7 6. Bxc6 Nxc6 7. Nd5 Qd6 8. Nxb4 Nxb4 9. 0-0 0-0 10. g3 Nc6 11. Bb2 Nd4 12. c3 Nxf3+ 13. Qxf3 Qxd2 14. Bc1 Qd6 15. Rd1 Qc6 16. Ba3 d6 17. c4 b6 18. b4 a6 19. Rdc1 Bh3 20. b5 axb5 21. cxb5 Qxb5 22. Rab1 Qa6 23. Rxc7 Rac8 24. Rxc8 Rxc8 25. Bxd6 Rc2 26. Qb3 Rxa2 27. f3 Qe2 28. Rd1 Qg2# 0-1

[Event "Roncana op-C U14 7th"]
[Site "Santa Eulalia de Roncana"]
[Date "2013.10.12"]
[Round "2"]
[White "Casares Bonals, Ainhoa"]
[Black "Martinez Suarez, Alex"]
[Result "0-1"]
[WhiteElo "1700"]
[BlackElo "1700"]
[PlyCount "51"]
[EventDate "2013.10.05"]
[EventType "swiss"]
[EventRounds "8"]
[EventCountry "ESP"]
[SourceTitle "EXT 2015"]
[Source "ChessBase"]
[SourceDate "2014.11.20"]
[SourceVersion "1"]
[SourceVersionDate "2014.11.20"]
[SourceQuality "1"]

1. e4 e5 2. Nf3 f5 3. exf5 g6 4. Nxe5 gxf5 5. Bc4 Bg7 6. d3 Bxe5 7. h4 Nf6 8. Bg5 Nc6 9. Nc3 Bxc3+ 10. bxc3 Ne5 11. Bb5 c6 12. d4 Neg4 13. Bc4 Rf8 14. f3 Ne3 15. Qd2 Nxc4 16. Qf4 d6 17. Qxf5 Bxf5 18. Rd1 Nb2 19. Rd2 Qe7+ 20. Re2 Be6 21. c4 Nxc4 22. a4 b5 23. axb5 cxb5 24. Bh6 Rg8 25. g4 Bxg4 26. fxg4 0-1

[Event "Roncana op-C U14 7th"]
[Site "Santa Eulalia de Roncana"]
[Date "2013.10.05"]
[Round "1"]
[White "Martinez Suarez, Alex"]
[Black "Barrios Rosas, Marti"]
[Result "0-1"]
[WhiteElo "1700"]
[BlackElo "1710"]
[PlyCount "44"]
[EventDate "2013.10.05"]
[EventType "swiss"]
[EventRounds "8"]
[EventCountry "ESP"]
[SourceTitle "EXT 2015"]
[Source "ChessBase"]
[SourceDate "2014.11.20"]
[SourceVersion "1"]
[SourceVersionDate "2014.11.20"]
[SourceQuality "1"]

1. e4 e5 2. Nh3 Nf6 3. g4 d6 4. g5 Nxe4 5. g6 hxg6 6. d3 Nc5 7. Ng5 f6 8. Be3 fxg5 9. Bxc5 dxc5 10. Rg1 Nc6 11. Qc1 Be7 12. Nc3 Nd4 13. Rg4 Bxg4 14. Na4 Rxh2 15. c3 Nf3+ 16. Ke2 Rh1 17. Bg2 Rxc1 18. Rxc1 Nh4+ 19. f3 Bf5 20. Rh1 Qxd3+ 21. Kf2 Qd2+ 22. Kg3 Qxg2# 0-1